<?xml version="1.0" encoding="UTF-8"?>
<record
    xmlns:xsi="http://www.w3.org/2001/XMLSchema-instance"
    xsi:schemaLocation="http://www.loc.gov/MARC21/slim http://www.loc.gov/standards/marcxml/schema/MARC21slim.xsd"
    xmlns="http://www.loc.gov/MARC21/slim">

  <leader>00728nam a2200193 i 4500</leader>
  <controlfield tag="001">69545</controlfield>
  <controlfield tag="003">ES-MaACL</controlfield>
  <controlfield tag="005">20250901043508.0</controlfield>
  <controlfield tag="007">t|</controlfield>
  <controlfield tag="008">040707s1955    sp           ||||1| spa d</controlfield>
  <datafield tag="100" ind1="1" ind2=" ">
    <subfield code="a">Garc&#xED;a y Dom&#xED;nguez, Ulpiano R.</subfield>
    <subfield code="9">55428</subfield>
  </datafield>
  <datafield tag="245" ind1="1" ind2="4">
    <subfield code="a">Los derechos de la mujer, su evoluci&#xF3;n, estado actual y reformas :</subfield>
    <subfield code="b">(con doctrina, legislaci&#xF3;n y sentencias del Tribunal Supremo) / </subfield>
    <subfield code="c">Ulpiano R. Garc&#xED;a Dom&#xED;nguez.</subfield>
  </datafield>
  <datafield tag="260" ind1=" " ind2=" ">
    <subfield code="a">Puertollano : </subfield>
    <subfield code="b">[s.n., </subfield>
    <subfield code="c">1955] (</subfield>
    <subfield code="f">Imp. La Econ&#xF3;mica)</subfield>
  </datafield>
  <datafield tag="300" ind1=" " ind2=" ">
    <subfield code="a">32 p. ; </subfield>
    <subfield code="c">22 cm.</subfield>
  </datafield>
  <datafield tag="650" ind1=" " ind2="4">
    <subfield code="a">Mujeres-</subfield>
    <subfield code="x">Derechos-</subfield>
    <subfield code="z">Espa&#xF1;a</subfield>
    <subfield code="9">15265</subfield>
  </datafield>
  <datafield tag="650" ind1=" " ind2="4">
    <subfield code="a">Mujeres-</subfield>
    <subfield code="x">Estatuto jur&#xED;dico-</subfield>
    <subfield code="z">Espa&#xF1;a-</subfield>
    <subfield code="y">1939-1975.</subfield>
    <subfield code="9">167833</subfield>
  </datafield>
  <datafield tag="852" ind1="4" ind2=" ">
    <subfield code="a">ES-MaACL</subfield>
    <subfield code="j">1986-F-15</subfield>
  </datafield>
  <datafield tag="999" ind1=" " ind2=" ">
    <subfield code="c">69545</subfield>
    <subfield code="d">69545</subfield>
  </datafield>
  <datafield tag="952" ind1=" " ind2=" ">
    <subfield code="0">0</subfield>
    <subfield code="1">0</subfield>
    <subfield code="4">0</subfield>
    <subfield code="7">0</subfield>
    <subfield code="8">Colecci&#xF3;n_de_folletos</subfield>
    <subfield code="a">ATENEOM</subfield>
    <subfield code="b">ATENEOM</subfield>
    <subfield code="c">DEPOF</subfield>
    <subfield code="d">2008-01-17</subfield>
    <subfield code="e">SC</subfield>
    <subfield code="l">0</subfield>
    <subfield code="o">1986-F-15</subfield>
    <subfield code="p">1072823</subfield>
    <subfield code="r">2023-02-23 00:00:00</subfield>
    <subfield code="w">2023-02-23</subfield>
    <subfield code="y">FOLLETOS</subfield>
  </datafield>
</record>
